00400nam a2200193Ia 4500003000900000008004100009040001300050040001300063041000800076100001900084245001900103250001000122260001500132260000900147300001100156300001000167490002300177490000600200IT-RoPAU120407s9999 xx 000 0 und d aIT-RoPAU cIT-RoPAU aita aMichel Neyraut aIl transfert.  aRoma  aAstrolabio c1975 a235 p. c21 cm aPsiche e coscienza v1